000 00879nab a22002177a 4500
999 _c5710
_d5710
003 OSt
005 20251230233825.0
008 190605e xxu||||| |||| 00| 0 spa d
040 _cPJ
100 _94584
_aMansilla, Alberto
245 1 0 _aNuevo artículo 29 de la LCT :
_bponiendo las cosas en su quicio /
_cAlberto Mansilla.
260 _aCiudad Autónoma de Buenos Aires :
_bThomson Reuters La Ley,
_c2024.
300 _ap. 53-55
500 _aCita: TR LALEY AR/DOC/2037/2024
505 _t¿Te interesa el texto completo? Solicitalo al correo: koha@justierradelfuego.gov.ar
650 0 _91316
_aDERECHO LABORAL
650 0 _91391
_aREFORMA LABORAL
650 0 _91383
_aLEY DE CONTRATO DE TRABAJO
773 0 _02711
_93168
_dCiudad Autónoma de Buenos Aires : Thomson Reuters La Ley, 1999-2002.
_tRevista de derecho del trabajo. Nº 5 - Septiembre 2024
942 _2udc
_cANA